Logické obvody pro přenos dat

Gespeichert in:
Bibliographische Detailangaben
1. Verfasser: Přibyl, Jiří (Verfasst von)
Format: Buch
Sprache:Tschechisch
Veröffentlicht: Praha : České vysoké učení technické v Praze, 1983
Ausgabe:1. vyd.
Tags: Tag hinzufügen
Keine Tags, Fügen Sie das erste Tag hinzu!

MARC

LEADER 00000nam a22000003a 4500
001 stu25888
005 20150617225742.9
008 980603s1983------------------------cze-d
040 |a STU  |b slo 
041 0 |a cze 
100 1 |a Přibyl, Jiří  |4 aut 
245 1 |a Logické obvody pro přenos dat 
250 |a 1. vyd. 
260 |a Praha :  |b České vysoké učení technické v Praze,  |c 1983 
300 |a 114 s 
996 |b 284ES17154  |c E*S-20994  |l EE01  |s A  |a 24  |w stu25888_0004